Промышленный маркетинг: учебное пособие для вузов

Dettagli Bibliografici
Autore principale: Карпеко О. И. Олег Иванович
Riassunto:Рассматриваются отличительные особенности разработки и реализации комплекса маркетинга в промышленной среде. Показана специфика маркетинга по видам экономической деятельности, раскрыто содержание управления маркетингом в производственных организациях, ориентированных на промышленную среду. Предназначено для студентов высших учебных заведений, может представлять интерес для магистрантов, аспирантов, преподавателей маркетинговых дисциплин и всех, кто занимается практикой маркетинга на рынке товаров промышленного назначения.
Lingua:russo
Pubblicazione: Минск, Изд-во БГЭУ, 2010
Soggetti:
Natura: MixedMaterials Libro
KOHA link:https://koha.lib.tpu.ru/cgi-bin/koha/opac-detail.pl?biblionumber=190161

MARC

LEADER 00000nam0a2200000 4500
001 190161
005 20231101224249.0
010 |a 9789854846736 
035 |a (RuTPU)RU\TPU\book\207048 
090 |a 190161 
100 |a 20110118d2010 m y0rusy50 ca 
101 0 |a rus 
102 |a BY 
105 |a a j 001zy 
200 1 |a Промышленный маркетинг  |e учебное пособие для вузов  |f О. И. Карпеко 
210 |a Минск  |c Изд-во БГЭУ  |d 2010 
215 |a 415 с.  |c ил. 
320 |a Библиогр.: с. 414-415. 
330 |a Рассматриваются отличительные особенности разработки и реализации комплекса маркетинга в промышленной среде. Показана специфика маркетинга по видам экономической деятельности, раскрыто содержание управления маркетингом в производственных организациях, ориентированных на промышленную среду. Предназначено для студентов высших учебных заведений, может представлять интерес для магистрантов, аспирантов, преподавателей маркетинговых дисциплин и всех, кто занимается практикой маркетинга на рынке товаров промышленного назначения. 
606 1 |a Предприятия  |x Экономика  |x Управление  |2 stltpush  |3 (RuTPU)RU\TPU\subj\36690  |9 57983 
610 1 |a маркетинг 
610 1 |a промышленный маркетинг 
610 1 |a средства производства 
610 1 |a рынок 
610 1 |a промышленные товары 
610 1 |a ассортимент 
610 1 |a ассортиментная политика 
610 1 |a ценообразование 
610 1 |a распределение 
610 1 |a маркетинговые коммуникации 
610 1 |a отрасли промышленности 
610 1 |a планирование 
610 1 |a управление 
610 1 |a бизнес-планирование 
610 1 |a затраты 
610 1 |a учебные пособия 
686 |a У9(2)29-2я73  |v LBC/SL-A  |2 rubbk 
700 1 |a Карпеко  |b О. И.  |g Олег Иванович 
801 1 |a RU  |b 63413507  |c 20110118 
801 2 |a RU  |b 63413507  |c 20121214  |g RCR 
942 |c BK 
959 |a 5/20110118  |d 1  |e 297,00  |f ЧЗГЛ:1